| 000 | 00931nas a2200325 4500 | ||
|---|---|---|---|
| 001 | BR9205747 | ||
| 003 | BR-BrBNA | ||
| 005 | 20231205100431.0 | ||
| 007 | ta | ||
| 008 | 230509b bl.|||p| |||| 00| 00por d | ||
| 040 |
_aBR-BrBNA _bpor _cBiblioteca Nacional de Agricultura |
||
| 041 | _a(Pt) | ||
| 072 | _aH10 | ||
| 100 | 1 | _aGodoy, J.M.T. | |
| 100 | 1 | _aPedreiro Junior, R. | |
| 100 | 1 | _aQueiroz, C.A.C. | |
| 100 | 1 | _aSantos, M.S.T.A. | |
| 100 | 1 | _aAlmeida, S.L. | |
| 100 | 1 | _aCorte, C.R.L. | |
| 100 | 1 | _aCioni, J. | |
| 100 | 1 | _aMariconi, F.A.M. | |
| 245 | 1 | _aEnsaio de combate a broca do cafe Hypothenemus hampei (Ferrari, 1867)com defensivos quimicos | |
| 650 | _aCafe | ||
| 650 | _aBroca | ||
| 650 | _aControle Quimico | ||
| 650 | _aInseticida | ||
| 773 | 0 |
_tSolo (Brazil) _xISSN 0584-0821 _g(Jan-Jun 1984), v. 76(1) p. 17-22 _wBR9205747 |
|
| 909 |
_a202311 _bLúcia _c55 _dLúcia Elande |
||
| 942 |
_2AGRIS _n0 _cANA |
||
| 999 |
_c155990 _d155990 |
||